Energy Performance Contracting v ČR: Společný fond PHARE a EBRD pro financování projektů energetických úspor
Financovanie projektov na úspory energie v ČR. Investičné aktivity PHARE a EBRD v oblasti energetickej účinnosti. Ciele spoločného fondu PHARE a EBRD pre financovanie projektov energetických úspor v ČR. Bariéry investovania do projektov. Koncepcie fondu. Kritériá pre financovanie projektov. Úroky z...
Gespeichert in:
| 1. Verfasser: | |
|---|---|
| Format: | Buchkapitel |
| Sprache: | Tschechisch |
| Schlagworte: | |
| Tags: |
Keine Tags, Fügen Sie das erste Tag hinzu!
|
MARC
| LEADER | 00000naa a2200000 4500 | ||
|---|---|---|---|
| 001 | r019254 | ||
| 005 | 20221208131116.3 | ||
| 041 | 0 | |a cze | |
| 044 | |a CZ | ||
| 245 | 1 | 0 | |a Energy Performance Contracting v ČR: Společný fond PHARE a EBRD pro financování projektů energetických úspor |c V. Henelová |
| 520 | |a Financovanie projektov na úspory energie v ČR. Investičné aktivity PHARE a EBRD v oblasti energetickej účinnosti. Ciele spoločného fondu PHARE a EBRD pre financovanie projektov energetických úspor v ČR. Bariéry investovania do projektov. Koncepcie fondu. Kritériá pre financovanie projektov. Úroky z pôžičiek. Správa a riadenie fondu. Propagácia fondu a technická pomoc správcovi fondu. | ||
| 610 | 2 | 0 | |a úspory energie |
| 610 | 2 | 0 | |a projekty |
| 610 | 2 | 0 | |a spotreba energie |
| 610 | 2 | 0 | |a Česko |
| 610 | 2 | 0 | |a financovanie projektové |
| 610 | 2 | 0 | |a PHARE |
| 610 | 2 | 0 | |a Európska banka pre obnovu a rozvoj |
| 610 | 2 | 0 | |a úverovanie |
| 610 | 2 | 0 | |a bariéry investičné |
| 100 | 1 | |a Henelová, V. | |